书目信息 |
| 题名: |
超长的经济周期
|
|
| 作者: | 斯克里卡 著 ;孙琳 , 景婧 译 | |
| 分册: | ||
| 出版信息: | 大连 东北财经大学出版社 2013 |
|
| 页数: | 164页 | |
| 开本: | 24cm | |
| 丛书名: | 威立金融经典译丛 | |
| 单 册: | ||
| 中图分类: | F113.7 | |
| 科图分类: | ||
| 主题词: | 世界经济--经济周期波动--研究 , 世界经济 , 经济周期波动 | |
| 电子资源: | ||
| ISBN: | 978-7-5654-1043-7 | |
| 000 | 01839oam2 2200349 450 | |
| 001 | 523 | |
| 005 | 20140908151340.46 | |
| 010 | @a978-7-5654-1043-7@dCNY32.00 | |
| 100 | @a20130604d2013 em y0chiy50 ea | |
| 101 | 1 | @achi@ceng |
| 102 | @aCN@b210000 | |
| 105 | @ay z 000yy | |
| 106 | @ar | |
| 200 | 1 | @a超长的经济周期@AChao Chang De Jing Ji Zhou Qi@e从未来的通货膨胀浪潮和美元贬值中获取利润@ECong Wei Lai De Tong Huo Peng Zhang Lang Chao He Mei Yuan Bian Zhi Zhong Huo Qu Li Run@dThe great super cycle@eprofit from the coming inflation tidal wave and dollar devaluation@f(加)戴维·斯克里卡(David Skarica)著@F( Jia ) Dai Wei· Si Ke Li Ka (David Skarica) Zhu@g孙琳,景婧译@zeng |
| 210 | @a大连@c东北财经大学出版社@d2013 | |
| 215 | @a164页@d24cm | |
| 225 | 2 | @a威立金融经典译丛 |
| 300 | @a风险管理系列 “十二五”国家重点图书出版规划项目 当代财经管理名著译库 2013年度国家出版基金资助项目 | |
| 305 | @a由约翰·威立父子有限公司授权出版 | |
| 330 | @a本书通过研究历史上的政治权力变迁来探讨我们在全球经济中可以获得什么利益,其基本主题是一切事物都是呈周期性运动——从世界大国的大周期,到可以持续几十年的经济周期,到持续十到二十年的小周期,还探究了经济权力变更和华盛顿、华尔街以及世界其他各地之间的关系。 | |
| 461 | 0 | @12001 @a威立金融经典译丛 |
| 510 | 1 | @aGreat super cycle@eprofit from the coming inflation tidal wave and dollar devaluation@zeng |
| 517 | 1 | @a从未来的通货膨胀浪潮和美元贬值中获取利润@ACong Wei Lai De Tong Huo Peng Zhang Lang Chao He Mei Yuan Bian Zhi Zhong Huo Qu Li Run |
| 606 | 0 | @a世界经济@x经济周期波动@x研究 |
| 606 | 0 | @a世界经济 |
| 606 | 0 | @a经济周期波动 |
| 690 | @aF113.7@v5 | |
| 701 | 0 | @c(加)@a斯克里卡@ASi Ke Li Ka@c(Skarica, David)@4著 |
| 702 | 0 | @a孙琳@ASun Lin@c(翻译)@4译 |
| 702 | 0 | @a景婧@AJing Jing@4译 |
| 801 | 0 | @aCN@bTANGWEI@c20140603 |
| 905 | @b0838378-80@dF113.7@e163@f3 | |
| 超长的经济周期:从未来的通货膨胀浪潮和美元贬值中获取利润=The great super cycle:profit from the coming inflation tidal wave and dollar devaluation/(加)戴维·斯克里卡(David Skarica)著/孙琳,景婧译.-大连:东北财经大学出版社,2013 |
| 164页;24cm.-(威立金融经典译丛) |
| 风险管理系列 “十二五”国家重点图书出版规划项目 当代财经管理名著译库 2013年度国家出版基金资助项目 |
| ISBN 978-7-5654-1043-7:CNY32.00 |
| 本书通过研究历史上的政治权力变迁来探讨我们在全球经济中可以获得什么利益,其基本主题是一切事物都是呈周期性运动——从世界大国的大周期,到可以持续几十年的经济周期,到持续十到二十年的小周期,还探究了经济权力变更和华盛顿、华尔街以及世界其他各地之间的关系。 |
| ● |
| 相关链接 |
|
|
|
|
正题名:超长的经济周期
索取号:F113.7/163
 
预约/预借
| 序号 | 登录号 | 条形码 | 馆藏地/架位号 | 状态 | 备注 |
| 1 | 0838378 | 208383783 | 第一样本阅览室/ [索取号:F113.7/163] | 在馆 | |
| 2 | 0838379 | 208383792 | 第一借阅区/ [索取号:F113.7/163] |
已借出,限还日期为2021.06.01 借出人:王久海 |
|
| 3 | 0838380 | 208383809 | 密集书库-海洋学院/ [索取号:F113.7/163] | 在馆 |